000 01654 a2200193 4500
003 Nust
005 20230901085413.0
010 _a 2004057408
020 _a1580538428 (alk. paper)
040 _cNust
082 0 0 _a005.1,KOC
100 1 _aKoch, Alan S.
_994555
245 1 0 _aAgile software development :
_bevaluating the methods for your organization /
_cAlan S. Koch.
260 _aBoston, MA :
_bArtech House,
_cc2005.
300 _axxviii, 272 p. :
_bill. ;
_c26 cm.
505 _aIntroducing the agile Methods (Page-3), Considering your organization Culture (Page-9), .Considering Your Customers (Page-15), Considering your Projects (Page-21), Considering your Tools and Processes (Page-29), Considering Your Staff (Page-37), Using This Book to Make Your Adoption Decisions (Page-43), About People, Processes, and Tools (Page-53), Motivated individuals and Self-Organizing Teams (Page-61), Face-to-Face Communication (Page-71), Sustainable (Page-83), The Unstated Principe: appropriate Processes and Tools (Page-89), The Role of Documentation in a Software Project (Page-101, Incremental Delivery of Working Software (Page-105), Defining the Customer Relationship (Page-121), Daily Collaboration of All Stakeholders (Page-127), Understanding Change in Software Projects (Page-141), Welcome Changing Requirements (Page-147), Maintaining the Process (Page-161), Technical Excellence (Page-165), Simplicity (Page-177), Retrospectives (Page-183), Making the Adoption Decision (Page-191), Adopting New Practices (Page-209), Evaluating the Effects of Your Agile Method (Page-217).
650 0 _aAgile software development.
_994556
942 _cREF
_2ddc
999 _c174819
_d174819